000 00755nam a2200241 4500
008
049 0 _aMAIN
050 0 _aREF Z7914 DEP
110 1 _aGreat Britain.
_bDept. of Scientific and Industrial Research.
245 1 0 _aCrushing and grinding;
_ba bibliography.
260 _aLondon,
_bH. M. Stationery Off.,
_c1958.
300 _aix, 425 p.
_billus.
_c25 cm.
500 _aIncludes bibliographical references
500 _aIncludes index.
650 0 _aMills and mill-work
_xBibliography.
650 0 _aMilling machinery
_xBibliography.
650 0 _aOre-dressing
_xBibliography.
907 _a.b10226758
_b25-01-07
_c25-01-07
003
005 20230120191425.0
040 _cNUST
942 _cBOOKS
999 _c100883
_d100883